Mudar de ideias (Registo nº 199460)
[ vista simples ]
| 000 -Etiqueta do registo | |
|---|---|
| Valores | 00582nam 22002053 4500 |
| 010 ## - Número ISBN | |
| ISBN | 978-989-582-060-3 |
| 021 ## - Número do Depósito Legal | |
| Número | 545563/25 |
| 100 ## - Dados gerais de processamento | |
| Dados gerais | 20251209d u||y0pory50 ba |
| 200 ## - Titulo e menção de responsabilidade | |
| Título próprio | Mudar de ideias |
| Primeira menção de responsabilidade | Julian Barnes |
| Outras menções de responsabilidade | tradução de Salvato Teles de Menezes |
| 205 ## - Menção da edição | |
| Edição | 1ª |
| 210 ## - Publicação | |
| Local de publicação | Lisboa |
| Nome do editor | Quetzal Editores |
| Data de publicação | 2025 |
| 215 ## - Descrição física | |
| Paginação / Volumes | 122 p. |
| Outras indicações físicas | encadernado |
| Dimensões | 20 cm |
| 606 ## - Nome comum usado como assunto | |
| ID Autoridade | 17 |
| Palavra de ordem | Literatura Inglesa |
| 675 ## - CDU | |
| Notação | 821.111-3 |
| Edição | PT |
| Língua | por |
| 700 ## - Autor principal (pessoa individual) | |
| ID Autoridade | 98 |
| Apelido | Barnes |
| Nome | Julian |
| Datas | 1946- |
| 801 ## - Fonte de origem | |
| País | PT |
| Agência | BMMN |
| Regras de catalogação | RPC |
| 830 ## - Notas gerais do catalogador | |
| Criado por | Fernando |
| Indexado por | Fernando |
| 990 ## - Elementos KOHA | |
| Tipo de documento | Livro |
| Situação do levantamento | Biblioteca de origem | Código de barras | Cota | Permissão de empréstimo | Tipo de documento | Forma de aquisição |
|---|---|---|---|---|---|---|
| Biblioteca Municipal de Montemor-o-Novo | 28310 | 821.111-3 BAR|LG | Livro | Compra |